[Event "London Classic op 6th"]
[Site "London"]
[Date "2014.12.10"]
[Round "3"]
[White "Gavriel, Tryfon"]
[Black "Wells, Peter K"]
[Result "1/2-1/2"]
[WhiteElo "2128"]
[BlackElo "2468"]
[PlyCount "77"]
[EventDate "2014.12.08"]
[EventType "swiss"]
[EventRounds "9"]
[EventCountry "ENG"]
[SourceTitle "CBM 163 Extra"]
[Source "ChessBase"]
[SourceDate "2014.12.23"]
[SourceVersion "1"]
[SourceVersionDate "2014.12.23"]
[SourceQuality "1"]

1. d4 Nf6 2. c4 e6 3. Nc3 Bb4 4. e3 0-0 5. a3 Bxc3+ 6. bxc3 c5 7. Bd3 Nc6 8. Ne2 e5 9. d5 e4 10. Bc2 Na5 11. 0-0 d6 12. f3 Nxc4 13. Ng3 Re8 14. Bxe4 Nxe4 15. fxe4 Ne5 16. Rf4 Qa5 17. c4 Qc3 18. Bd2 Qxc4 19. Rc1 Qd3 20. Rc3 Qa6 21. Qh5 Qb6 22. Rc1 Qb2 23. Nf1 Ng6 24. Rf2 Rxe4 25. Qf3 Re7 26. e4 Qd4 27. Re1 Ne5 28. Qg3 Ng4 29. Be3 Nxe3 30. Rxe3 Qe5 31. Qh4 Bd7 32. h3 Rae8 33. Ng3 h6 34. Rf5 Qd4 35. Rff3 Re5 36. Kh2 Rg5 37. Qf4 f6 38. Qxd6 Bc8 39. Qc7 1/2-1/2

[Event "London Classic op"]
[Site "London"]
[Date "2011.12.08"]
[Round "6"]
[White "Wallis, Ian J"]
[Black "Gavriel, Tryfon"]
[Result "0-1"]
[WhiteElo "2003"]
[BlackElo "2156"]
[PlyCount "58"]
[EventDate "2011.12.03"]
[EventType "swiss"]
[EventRounds "9"]
[EventCountry "ENG"]
[SourceTitle "CBM 145 Extra"]
[Source "ChessBase"]
[SourceDate "2012.01.03"]
[SourceVersion "1"]
[SourceVersionDate "2012.01.03"]
[SourceQuality "1"]

1. e4 e6 2. d4 d5 3. Nd2 h6 4. c3 c5 5. exd5 Qxd5 6. Ngf3 Nc6 7. Bc4 Qd8 8. Nb3 cxd4 9. Nbxd4 Nxd4 10. Nxd4 a6 11. Bf4 Nf6 12. 0-0 Be7 13. Re1 0-0 14. Qe2 Re8 15. Rad1 Qb6 16. Bb3 Bf8 17. Nf3 Bd7 18. Ne5 Bb5 19. Qf3 Bc6 20. Qh3 Bd5 21. Ba4 Red8 22. c4 Be4 23. Bc1 Qa5 24. Nxf7 Kxf7 25. Bb3 Qf5 26. Qg3 Rac8 27. f3 Bc5+ 28. Kh1 Bc6 29. Qh4 Qxf3 0-1

[Event "London Classic op"]
[Site "London"]
[Date "2011.12.05"]
[Round "3"]
[White "Gavriel, Tryfon"]
[Black "Jones, Steven"]
[Result "0-1"]
[WhiteElo "2156"]
[BlackElo "1878"]
[PlyCount "78"]
[EventDate "2011.12.03"]
[EventType "swiss"]
[EventRounds "9"]
[EventCountry "ENG"]
[SourceTitle "CBM 145 Extra"]
[Source "ChessBase"]
[SourceDate "2012.01.03"]
[SourceVersion "1"]
[SourceVersionDate "2012.01.03"]
[SourceQuality "1"]

1. Nf3 c5 2. g3 Nc6 3. Bg2 g6 4. e4 Bg7 5. 0-0 d6 6. d3 e5 7. Nc3 Nge7 8. Nh4 0-0 9. f4 f6 10. f5 Nd4 11. g4 g5 12. Nf3 h6 13. h4 Rf7 14. Kf2 Bd7 15. Rh1 Bc6 16. Nxd4 cxd4 17. Ne2 Rc8 18. hxg5 hxg5 19. Bd2 Qb6 20. b3 Qc5 21. b4 Qb6 22. a4 d5 23. Ng3 dxe4 24. Bxe4 Qc7 25. Ra2 Bd5 26. Bxd5 Nxd5 27. Ne4 Bf8 28. Rh5 Rh7 29. Qh1 Rxh5 30. gxh5 Qh7 31. Qf3 Qf7 32. Bxg5 fxg5 33. Nxg5 Qd7 34. f6 Rc6 35. Ne4 Qe6 36. b5 Rc7 37. c4 dxc3 38. Ra1 c2 39. Rg1+ Kh8 0-1

[Event "London Classic op"]
[Site "London"]
[Date "2011.12.04"]
[Round "2"]
[White "D'Costa, Lorin AR"]
[Black "Gavriel, Tryfon"]
[Result "1-0"]
[WhiteElo "2409"]
[BlackElo "2156"]
[PlyCount "39"]
[EventDate "2011.12.03"]
[EventType "swiss"]
[EventRounds "9"]
[EventCountry "ENG"]
[SourceTitle "CBM 145 Extra"]
[Source "ChessBase"]
[SourceDate "2012.01.03"]
[SourceVersion "1"]
[SourceVersionDate "2012.01.03"]
[SourceQuality "1"]

1. d4 f5 2. Bg5 Nf6 3. Bxf6 exf6 4. e3 d5 5. c4 c6 6. Nc3 Be6 7. Qb3 Nd7 8. cxd5 cxd5 9. Nge2 g5 10. g3 Nb6 11. Bg2 Kf7 12. Nc1 a5 13. Nd3 a4 14. Qd1 Nc4 15. 0-0 Qa5 16. Rc1 a3 17. b4 Qd8 18. Nc5 Bxc5 19. dxc5 Nb2 20. Qd4 1-0